000
00329 a2200109 4500
001
ART_2581
005
20260410161717.0
008
260409a
245
1
0
_a
Acción de lesividad por vía de reconvención
100
1
_a
Buteler, Alfonso
773
0
_t
Derecho administrativo
_g
- Nº 77 (jul./sep. 2011)
_w
REV1721
999
_c
16654
_d
16654